Predicting the storage life of seeds (Record no. 45632)

MARC details
000 -LEADER
fixed length control field 00281nam a2200109Ia 4500
100 ## - MAIN ENTRY--AUTHOR NAME
Personal name Roberts EH
245 #0 - TITLE STATEMENT
Title Predicting the storage life of seeds
260 ## - PUBLICATION, DISTRIBUTION, ETC. (IMPRINT)
Name of publisher Seed Science and Technology
Year of publication 1973
300 ## - PHYSICAL DESCRIPTION
Number of Pages 499-514
942 ## - ADDED ENTRY ELEMENTS (KOHA)
Koha item type Reprints
Holdings
Withdrawn status Lost status Damaged status Not for loan Home library Current library Date acquired Serial Enumeration / chronology Koha item type
      Reprints RRII Library RRII Library 22/12/2021 Volume 1, Issue Reprints